Les enfants illégitimes célèbres de l'histoire - Statistiques

Statistiques générales
  • Ce quiz a été pris 14 fois
  • Le résultat moyen est 14 sur 72
Statistiques - réponses
Hint Réponse % Correct
Charlotte de Valois fille d'Agnès Sorel et de Charles VII de France
56%
César de Vendôme fils de Gabrielle d'Estrées et de Henri IV de France
44%
Alexandre de Vendôme fils de Gabrielle d'Estrées et de Henri IV de France
44%
Catherine-Henriette de Bourbon fille de Gabrielle d'Estrées et de Henri IV de France
44%
Philippe de La Baume Le Blanc fils de Louise de La Vallière et de Louis XIV de France
44%
Marie-Anne de Bourbon fille de Louise de La Vallière et de Louis XIV de France
44%
Louis de La Baume Le Blanc fils de Louise de La Vallière et de Louis XIV de France
44%
Louis de Bourbon fils de Louise de La Vallière et de Louis XIV de France
44%
Charles-Louis de La Baume Le Blanc fils de Louise de La Vallière et de Louis XIV de France
44%
Alexandre Colonna Walewski fils de Marie Walewska et de Napoléon Bonaparte
44%
Guillaume le Conquérant fils d'Arlette de Falaise et de Robert 1er de Normandie
44%
Charles d'Angoulême fils de Marie Touchet et de Charles IX de France
33%
Marie de Valois fille d'Agnès Sorel et de Charles VII de France
33%
Diane de France fille de Filippa Duci et de Henri II de France
33%
Jean de Bourgogne fils d'Agnès de Croÿ et de Jean 1er de Bourgogne
33%
Louis-Auguste de Bourbon fils de Françoise de Rochechouart de Mortemart et de Louis XIV de France
33%
Louise de Maisonblanche fille de Claude de Vin des Oeillets et de Louis XIV de France
33%
Louis-Alexandre de Bourbon fils de Françoise de Rochechouart de Mortemart et de Louis XIV de France
33%
Françoise-Marie de Bourbon fille de Françoise de Rochechouart de Mortemart et de Louis XIV de France
33%
Louise-Marie-Anne de Bourbon fille de Françoise de Rochechouart de Mortemart et de Louis XIV de France
33%
Charles de Vintimille fils de Pauline-Félicité de Mailly-Nesle et de Louis XV de France
33%
Charles Martel fils d'Alpaïde et de Pépin de Herstal
33%
Jeanne de Valois fille d'Agnès Sorel et de Charles VII de France
22%
Henri d'Angoulême fils de Jane Stuart et de Henri II de France
22%
Henri de Bourbon-Verneuil fils de Catherine-Henriette de Balzac d'Entragues et de Henri IV de France
22%
Jules Hadot fils de Valentine Haussmann et de Louis Napoléon Bonaparte
22%
Louis-Philippe de Saint-Albin fils d'Etiennette Le Marquis et de Louis-Philippe d'Orléans
22%
Marie de Valois fille de Marguerite de Sassenage et de Louis XI de France
22%
Louis-César de Bourbon fils de Françoise de Rochechouart de Mortemart et de Louis XIV de France
22%
Louise-Françoise de Bourbon fille de Françoise de Rochechouart de Mortemart et de Louis XIV de France
22%
Louis Aimé de Bourbon fils d'Anne de Meilly-Coulonge et de Louis XV de France
22%
Charles Léon Denuelle fils d'Eleonore Denuelle et de Napoléon Bonaparte
22%
Louis d'Orléans fils d'une inconnue et de Philippe d'Orléans
22%
Baudouin de Bourgogne fils de Catherine de Thieffries et de Philippe III de Bourgogne
22%
Oudard d'Attainville fils de Biette de Casinel et de Charles V de France
11%
Nicolas d'Estouteville fils de Louise de La Rieux François 1er de France
11%
Henri de Saint-Rémi fils de Nicole de Savigny et de Henri II de France
11%
Antoine de Bourbon-Bueil fils de Jacqueline de Bueil et de Henri IV de France
11%
Jeanne-Baptiste de Bourbon fille de Charlotte des Essarts et de Henri IV de France
11%
Jean de Dunois fils de Mariette d'Enghien et de Louis 1er d'Orléans
11%
Charles Leboeuf fils de Julie Leboeuf et de Louis Napoléon Bonaparte
11%
Alexandre Bure fils d'Eléonore Vergeot et de Louis Napoléon Bonaparte
11%
Arthur Hugenschmidt fils de Viriginia Oldoini et de Louis Napoléon Bonaparte
11%
Eugène Bure fils d'Eléonore Vergeot et de Louis Napoléon Bonaparte
11%
Benoni Depuille fils d'Armance Depuille et de Louis Napoléon Bonaparte
11%
Antoinette Bure fils d'Eléonore Vergeot et de Louis Napoléon Bonaparte
11%
Amélie Bure fils d'Eléonore Vergeot et de Louis Napoléon Bonaparte
11%
Fernand Bure fils d'Eléonore Vergeot et de Louis Napoléon Bonaparte
11%
Bonaventure Karrer fils de Marie Anna Schiess et de Louis Napoléon Bonaparte
11%
Guyette de Valois fille de Félizé Regnard Louis XI de France
11%
Jeanne de Valois fille de Félizé Regnard Louis XI de France
11%
Guyette de Valois fille de Marguerite de Sassenage et de Louis XI de France
11%
Isabeau de Valois fille de Marguerite de Sassenage et de Louis XI de France
11%
Eugen Megerle von Muhfeld fils de Victoria Krauss et de Napoléon Bonaparte
11%
Pierre Charlot fils d'une dame d'Arras et de Philippe II de France
11%
Antoine de Bourgogne fils de Jeanne de Presles et de Philippe III de Bourgogne
11%
Jean d'Armagnac fils d'une inconnue et de Philippe VI de France
11%
Jean de Montagu fils de Biette de Casinel et de Charles V de France
0%
Marguerite de Valois fille d'Odinette de Champdivers et de Charles VI de France
0%
Louis de Saint-Gelais fils de Jacquette de Lanssac et de François 1er de France
0%
Christian Corbière fils de Pascalie Corbière et de Louis Napoléon Bonaparte
0%
Georges Feydeau fils de Léocadie Boguslawa Zalewska et de Louis Napoléon Bonaparte
0%
Martin Constantin Haryett fils d'Elizabeth Harryett et de Louis Napoléon Bonaparte
0%
Adrien Hadot fils d'une inconnue et de Louis Napoléon Bonaparte
0%
Marie d'Auvilliers fille d'Etiennette Le Marquis et de Louis-Philippe d'Orléans
0%
Louis-Etienne de Saint-Phar fils d'Etiennette Le Marquis et de Louis-Philippe d'Orléans
0%
Isabelle de France fille de Marie de Breuillet et de Louis VI de France
0%
Michel Bucy fils d'une inconnue et de Louis XII de France
0%
Emilie Pellapra fille de François Le Roy et de Napoléon Bonaparte
0%
Charles de Saint-Albin fils de Florence Perrin et de Philippe d'Orléans
0%
Angélique de Froissy fille de Charlotte Desmares et de Philippe d'Orléans
0%
Thomas de La Marche fils de Béatrice de La Berruère et de Philippe VI de France
0%
Aucun quiz correspondant
Distribution des résultats
% des personnes avec chaque résultat
Percentile par nombre de réponses
Votre historique - résultats
Vous n’avez pas pris ce quiz